000 01581nam a2200205Ia 4500
003 Ost
005 20260507075114.0
008 260507s9999||||xx |||||||||||||| ||und||
020 _a1575470357
040 _cfsecg
041 _aara
082 _a330
100 _aبن نبي، مالك
_eمؤلف
245 0 _aمشكلات الحضارة :
_bالمسلم في عالم الاقتصاد /
_c مالك بن نبي
260 _aدمشق:
_bدار الفكر,
_c2002
300 _a112 صفحة؛
_c24 سم
520 _aصور العلاقات الاقتصادية الراهنة في العالم،الاقتصاد والاقتصادانية،حدود الاختيار الإسلامي بين المناهج الموجودة،خريطة توزيع الإمكانات الاقتصادية في العالم،حدود التفسير الاقتصادي البحت لتوزيع الإمكانات،الأسس الحضارية لعالم الاقتصاد،دور المال في اختزان العمل،الاستثمار المالي والاستثمار الاجتماعي،تحقيق الديناميكا الاقتصادية على أساس مبدئي،الأساس الأخلاقي لعمليتي الإنتاج والتوزيع،المعادلة البيولوجية والمعادلة الاجتماعية للفرد في التجارب الحديثة،ضرورة الاكتفاء الذاتي والتطور من الاقتصاد الوطني إلى اقتصاد جهوي لتحقيق الاكتفاء
653 _aالاقتصاد الاسلامي
942 _cكتاب
999 _c42969
_d42969